000 00515nam a22001817a 4500
003 OSt
005 20250822040934.0
008 250822b |||||||| |||| 00| 0 eng d
020 _a0-684-81870-1.
040 _aDWC-Main Lib.
_cOC
100 _aRAMBAUER, IRMA S.
245 _aJoy of Cooking/
_cRAMBAUER, IRMA S.
260 _aNew York :
_bScribner,
_cc1997.
300 _a1136 pages :
_billustrations ;
_c24cm.
504 _aIncludes index.
650 _aCooking, America.
942 _2ddc
_cBK-CIRC
_hCirc.
_n0
999 _c4176
_d4176